Online
Catalog

Te voy a contar : (Record no. 3862)

MARC details
000 -CABECERA
campo de control de longitud fija 00453nam a2200133 a 4500
001 - NÚMERO DE CONTROL
campo de control 000004043
005 - FECHA Y HORA DE LA ÚLTIMA TRANSACCIÓN
campo de control 20200929150658.0
008 - DATOS DE LONGITUD FIJA--INFORMACIÓN GENERAL
campo de control de longitud fija 090716s2007 pr a 000 0 spa d
040 ## - FUENTE DE LA CATALOGACIÓN
Centro catalogador/agencia de origen DO-SdBNP
Lengua de catalogación spa
Centro/agencia transcriptor BNPHU
100 1# - ENTRADA PRINCIPAL--NOMBRE DE PERSONA
Nombre de persona Medina Maldonado, Gisela
9 (RLIN) 12075
245 10 - MENCIÓN DE TÍTULO
Título Te voy a contar :
Resto del título cuentos cristianos para niños /
Mención de responsabilidad, etc. Gesela Medina Maldonado.
260 ## - PUBLICACIÓN, DISTRIBUCIÓN, ETC.
Lugar de publicación, distribución, etc. Rio Piedras, Puerto Rico :
Nombre del editor, distribuidor, etc. Fundación Palabra y más,
Fecha de publicación, distribución, etc. 2007.
300 ## - DESCRIPCIÓN FÍSICA
Extensión 78 p. :
Otras características físicas il. ;
Dimensiones 22 cm.
Holdings
Estado de retiro Estado de pérdida Restricciones de uso No para préstamo Código de colección Localización permanente Ubicación/localización actual Ubicación en estantería Fecha de adquisición Número de inventario Total de préstamos Signatura topográfica completa Código de barras Fecha visto por última vez Número de copia Precio válido a partir de Tipo de ítem Koha
        Monografías: Libros y Folletos General General Depósito 20.06.2017 LF1   4043-30 25.06.2020 e. 3 25.06.2020 Préstamo en sala
      Excluido de préstamo Monografías: Libros y Folletos Patrimonio Dominicano Patrimonio Dominicano Depósito 20.06.2017 LF1   4043-10 25.06.2020   25.06.2020 No se presta
      Excluido de préstamo Monografías: Libros y Folletos Patrimonio Dominicano Patrimonio Dominicano Depósito 20.06.2017 LF1   4043-20 25.06.2020 e. 2 25.06.2020 No se presta

Powered by Koha